Development and demonstration of advanced design composite structural component /

Bibliographic Details
Corporate Author: Construction Engineering Research Laboratories (U.S.)
Other Authors: Howdyshell, Paul A.
Format: Government Document Microform Book
Language:English
Published: [Champaign, Ill.] : US Army Corps of Engineers, Construction Engineering Research Laboratories ; [1998]
Series:USACERL technical report ; 98/99.
Subjects:
Online Access:Adobe Acrobat reader required

MARC

Tag First Indicator Second Indicator Subfields
LEADER 00000cam a2200000 a 4500
001 in00000002807
005 20151007050804.0
007 he bmb024baca
008 990121e199807 ilua bbt f000 0 eng d
035 |a (OCoLC)ocm42414353 
035 |9 AJD9754AM 
040 |d GPO  |d DLC  |d MvI  |d UtOrBLW 
049 |a UMIC  |a WWW 
074 |a 0335-A (MF) 
074 |a 0335-A (online) 
086 0 |a D 103.53:98/99 
245 0 0 |a Development and demonstration of advanced design composite structural component /  |c Paul A. Howdyshell [and others]. 
246 1 |i At head of title:  |a Construction Productivity Advancement Research (CPAR) Program 
264 1 |a [Champaign, Ill.] :  |b US Army Corps of Engineers, Construction Engineering Research Laboratories ;  |c [1998] 
264 2 |a [Springfield, Va.] :  |b [National Technical Information Service, distributor], 
300 |a viii, 68 pages :  |b illustrations ;  |c 28 cm. 
336 |a text  |b txt  |2 rdacontent 
337 |a microform  |b h  |2 rdamedia 
338 |a microfiche  |b he  |2 rdacarrier 
490 1 |a USACERL technical report ;  |v 98/99 
500 |a Shipping list number: 99-0156-M. 
500 |a Shipping List Date: 01/05/99 
513 |a Final. 
500 |a Cover title. 
500 |a "A Corps/Industry Partnership to Advance Construction Productivity and Reduce Costs." 
500 |a "July 1998." 
504 |a Includes bibliographical references (page 57). 
536 |d CPAR,  |d LV3. 
533 |a Microfiche.  |b [Washington, D.C.] :  |c Supt. of Docs., U.S. G.P.O.,  |d [1998]  |e 1 microfiche : negative. 
530 |a Also available via Internet from the Construction Engineering Research Laboratories web site. Address as of 1/14/2000: http://owww.cecer.army.mil/techreports/how%5Fcomp/how%5Fcomp.flp.post.pdf; current access is available via PURL. 
500 |a Microform. 
650 0 |a Composite materials. 
650 0 |a Polymeric composites. 
650 0 |a Fibrous composites. 
700 1 |a Howdyshell, Paul A. 
710 2 |a Construction Engineering Research Laboratories (U.S.) 
830 0 |a USACERL technical report ;  |v 98/99. 
856 4 1 |u http://owww.cecer.army.mil/techreports/how%5Fcomp/how%5Fcomp.flp.post.pdf  |z Adobe Acrobat reader required  |t 0 
999 |a MARS 
999 f f |s 8fbb2bbe-38a0-3c8e-a7d1-2585a5773e5f  |i db54beb5-4011-38d8-87ea-a114bc98d28c  |t 0 
952 f f |p normal  |a Texas A&M University  |b College Station  |c Sterling C. Evans Library  |d Evans: US Documents Microfiche (3rd floor)  |t 0  |e D 103.53:98/99  |h Superintendent of Documents classification  |i microform -- microfiche  |m A14823198528 
952 f f |a Texas A&M University  |b College Station  |c Electronic Resources  |d Available Online  |t 0  |e D 103.53:98/99  |h Superintendent of Documents classification 
998 f f |a D 103.53:98/99  |t 0  |l Available Online 
998 f f |a D 103.53:98/99  |t 0  |l Evans: US Documents Microfiche (3rd floor)